Nghiên cứu sự đa dạng sinh học của loài côn trùng thuộc bộ cánh vảy (Lepidoptera) trên lúa hoang ( Oryza rufipogon) và xác định tính mẫn cảm của một số loài đối với độc tố Bt ( Bacillus thuringiensis) : Luận án thạc sĩ Khoa học Nông nghiệp. Chuyên ngành : Bảo vệ thực vật

Nội dung luận văn là điều tra thu thập trứng, ấu trùng của các loài cánh vảy trên lúa hoang và lúa trồng. Tất cả các loài cánh vảy thu thập được định danh trong phòng thí nghiệm đến phân loại thấp nhất có thể. Kết quả cho thấy sự khác bie...

תיאור מלא

שמור ב:
מידע ביבליוגרפי
מחבר ראשי: Nguyễn, Hoàng Thuận
פורמט: ספר
שפה:Undetermined
יצא לאור: Cần Thơ Trường Đại học Cần Thơ 2010
נושאים:
תגים: הוספת תג
אין תגיות, היה/י הראשונ/ה לתייג את הרשומה!
Thư viện lưu trữ: Trung tâm Học liệu Trường Đại học Cần Thơ
LEADER 01581nam a2200229Ia 4500
001 CTU_160711
008 210402s9999 xx 000 0 und d
082 |a 595.7 
082 |b Th502 
088 |a 60620112 
100 |a Nguyễn, Hoàng Thuận 
245 0 |a Nghiên cứu sự đa dạng sinh học của loài côn trùng thuộc bộ cánh vảy (Lepidoptera) trên lúa hoang ( Oryza rufipogon) và xác định tính mẫn cảm của một số loài đối với độc tố Bt ( Bacillus thuringiensis) : 
245 0 |b Luận án thạc sĩ Khoa học Nông nghiệp. Chuyên ngành : Bảo vệ thực vật 
245 0 |c Nguyễn Hoàng Thuận; Ngô Lực Cường (Hướng dẫn Khoa học) 
260 |a Cần Thơ 
260 |b Trường Đại học Cần Thơ 
260 |c 2010 
520 |a Nội dung luận văn là điều tra thu thập trứng, ấu trùng của các loài cánh vảy trên lúa hoang và lúa trồng. Tất cả các loài cánh vảy thu thập được định danh trong phòng thí nghiệm đến phân loại thấp nhất có thể. Kết quả cho thấy sự khác biệt có ý nghĩa sự đa dạng của loài cánh vảy trên ruộng hoang so với ruộng lúa trồng,... 
650 |a Pests,Insect pests,Côn trùng gây hại 
650 |x Control,Research,Kiểm soát 
904 |i Năm 
980 |a Trung tâm Học liệu Trường Đại học Cần Thơ